000 00333 a2200145 4500
001 60682
020 _a8587063405
040 _cAnchieta - Pituba
100 _aCastrogiovanni, Antonio Carlos
240 1 0 _aEnsino de geografia
_lpor
245 1 0 _aEnsino de geografia
300 _a169
650 4 _aGeografia e viagens
942 _cBK
999 _c60682
_d60682